[Event "HCL-C154"]
[Site "www.playchess.de"]
[Date "2001.01.29"]
[Round "4"]
[White "Translightor"]
[Black "Ben-E-Gas"]
[WhiteElo "885"]
[BlackElo "1000"]
[PlyCount "49"]
[Result "1-0"]

1.e4 {Hello & Good Luck!}  e5 {good luck}  2.Nf3 
Nc6 3.Bb5 Nf6 4.O-O Bc5 5.c3 Nxe4 6.d4 Bd6 7.Bxc6 
dxc6 8.dxe5 Bc5 9.Qe2 Bf5 10.Nbd2 Qe7 11.Nxe4 
{Oops!}  Bxe4 {give a message to Allesnehmer for 
me:"nice win pal". he beat me in 3 moves.doh!}  
12.Qxe4 {I hope he will not annotate that game! 
(What does "doh" mean?)}  Kf8 {"doh" is just an 
expression that means "oops" I made a mistake.  it 
is said on TV by Homer Simpson}  13.Rd1 {So much 
chess, so little TV!}  Re8 {I tried to castle on 
that last move.  How do you do that?  That is the 
downside of computer chess.}  14.Bf4 {You will get 
used to it! Just enter e8-g8.}  h5 {thanks for the 
info pal}  15.Rd3 Kg8 16.Rad1 g6 17.R3d7 Qf8 
18.Qc4 Kg7 {sorry, may not beable to move until 
monday(3 days)}  19.Rxc7 {No problem, you have 43 
days, 12 hours and 27 minutes for your next move.} 
 Rd8 20.Rxd8 Be7 21.Rxf8 {Okay, you've seen the 
mate on f7, but now you're running short of 
material.}  Rxf8 {you're right there, pal.  I'm 
gonna keep runnin' til my last man.}  22.Rxe7 
{I'll try not to make you suffer too long!}  g5 
{you're so very kind}  23.Nxg5 {Kind? Cruel! I 
want to mate you as soon as possible.}  b5 {i hear 
ya.  I was being sarcastic.}  24.Rxf7+ {After all, 
chess is a wargame. I'm a pacifist, except when 
playing chess!}  Kg6 25.Qe6+ 1-0

[Event "HCL-C155"]
[Site "www.playchess.de"]
[Date "2001.01.29"]
[Round "6"]
[White "archon"]
[Black "Translightor"]
[WhiteElo "1400"]
[BlackElo "1041"]
[PlyCount "58"]
[Result "0-1"]

1.e4 Nf6 2.Nc3 d5 3.e5 d4 4.exf6 dxc3 5.fxg7 cxd2+ 
6.Bxd2 Bxg7 7.c3 Nc6 8.Qh5 Ne5 9.Bb5+ c6 10.Be2 
Nd3+ 11.Bxd3 Qxd3 12.O-O-O Bf5 13.Qxf5 Qxf5 14.Nf3 
O-O-O 15.Bg5 Rxd1+ 16.Rxd1 Bf6 17.Be3 b6 18.Bd4 
Rd8 19.Re1 c5 20.Be3 Kb7 21.Bd2 Qd5 22.b3 {I'm not 
going down without a fight!}  Rd6 {Very 
honorable!}  23.Bf4 Re6 24.Bd2 Rxe1+ 25.Nxe1 Qe4 
26.f3 Qe2 27.f4 e5 28.fxe5 Bxe5 29.h3 
Bf4 0-1

[Event "HCL-A069"]
[Site "www.playchess.de"]
[Date "2001.01.29"]
[Round "6"]
[White "peze"]
[Black "Matti"]
[WhiteElo "1939"]
[BlackElo "1677"]
[PlyCount "39"]
[Result "1-0"]

1.d4 {Hallo! Auf ein schönes Spiel.}  d5 
{Ebenfalls schönes Spiel. Aus welcher Gegend 
kommst du?}  2.c4 {Wuppertal. Wo ist Dein 
Domizil?}  e6 {Erzhausen (bei Darmstadt)}  3.Nf3 
Nf6 4.Nc3 c6 5.e3 Bb4 6.Bd3 Qa5 7.Bd2 Nbd7 8.a3 
Bxc3 9.Bxc3 Qc7 10.Qc2 b6 11.cxd5 exd5 12.b4 Bb7 
13.Rc1 Rc8 14.O-O O-O 15.Ne5 c5 16.Nxd7 {15. ... 
c5 ?? Der heiße Tanz beginnt!}  Nxd7 {War offenbar 
nicht ganz richtig...}  17.Bxh7+ Kh8 18.dxc5 bxc5 
19.Qf5 f6 {Luft, Clavigo!}  20.Bg6 {f6 ?? ... das 
erleichtert die Sache ungemein! Sorry} 
 1-0

[Event "HCL-C159"]
[Site "www.playchess.de"]
[Date "2001.01.29"]
[Round "7"]
[White "dakini"]
[Black "Player"]
[WhiteElo "1450"]
[BlackElo "1585"]
[PlyCount "66"]
[Result "0-1"]

1.e4 e5 2.Nf3 Nc6 3.Bc4 Nf6 4.d3 Bc5 5.c3 d6 6.O-O 
h6 7.a4 a6 8.b4 Ba7 9.Be3 Bxe3 10.fxe3 O-O 11.Nbd2 
d5 12.exd5 Nxd5 13.Qb3 Nxe3 14.Rfe1 Nxc4 15.Qxc4 
Be6 16.Qe4 f6 17.d4 f5 18.Qd3 e4 19.Qc2 exf3 
{Mutig, mutig! :)}  20.Rxe6 {Hattest Du vorhin 
remis angeboten?? Ich habe da leider einen 
Tippfehler gemacht, 17. sollte Dc2 sein}  Nxd4 
{Ja, Der Fairnesswegen würde ich noch remis geben. 
Obwohl es eigentlich zu spät ist...}  21.cxd4 
{Danke für Deine Fairness! Ich denke, wir spielen 
noch weiter und ich freue mich auf eine nächste 
Par}  Qxd4+ {Freue mich ebenfalls auf eine nächste 
Partie. Hoffentlich nicht wieder italienisch! ;)}  
22.Kf1 {Ich habe mich gerade in ein neues ACL 
Turnier eingeschr. ( ACL083) Wenn Du Lust hast 
...}  Qxa1+ {Werde mich sofort eintragen, fall 
dies möglich sein wird...}  23.Kf2 {Gut. Zwei Züge 
noch, dann gehe ich schlafen. Danke für das schöne 
Spiel bislang}  Qd4+ {Gute nacht! Und vielleicht 
schon bis morgen. Für das ACL Turnier bin ich 
eingetragen...}  24.Ke1 {Bis dann!}  fxg2 25.Nf3 
g1Q+ {%}  26.Nxg1 Qxg1+ 27.Kd2 {2 Züge von jedem 
noch, dann ist Schluß für heute!}  Qxh2+ {Hatte 
ich doch schon vor paar Minuten gehört :)}  28.Re2 
{:-))}  Qd6+ 29.Kc1 Qxb4 30.Qa2+ {Ein schönes 
Mattbild sei Dir gegönnt!}  Kh7 {Wenn ich nur 
wissen würde wie ich das am schnellsten 
hinbekommen kann.}  31.Rg2 {Das ist jetzt nicht 
mehr mein Problem ;-))}  Rae8 32.Qa1 Re1+ 33.Kc2 
{Ich gratuliere schon mal}  Rxa1 {Danke !!} 
 0-1

[Event "HCL-C159"]
[Site "www.playchess.de"]
[Date "2001.01.29"]
[Round "16"]
[White "Stef"]
[Black "Player"]
[WhiteElo "1000"]
[BlackElo "1585"]
[PlyCount "32"]
[Result "0-1"]

1.c4 c5 2.Nc3 Nc6 3.Qa4 Nf6 4.d3 e6 5.Bg5 d5 
6.O-O-O d4 7.Ne4 Be7 8.Nf3 Nxe4 9.dxe4 Bxg5+ 
10.Nxg5 Qxg5+ 11.Rd2 O-O 12.h4 Qf4 13.Qa3 Qxf2 
14.Qxc5 e5 15.a3 Be6 16.Rc2 Qe1+ 0-1

[Event "HCL-C163"]
[Site "www.playchess.de"]
[Date "2001.01.29"]
[Round "9"]
[White "Player"]
[Black "dakini"]
[WhiteElo "1585"]
[BlackElo "1450"]
[PlyCount "34"]
[Result "0-1"]

1.e4 {Diesmal darf ich auch mal mit Weiss spielen 
:)}  e5 {Konntest Du das mit Weiss beeinflussen?}  
2.f4 {Dies wird wohl per Zufall bestimmt...}  exf4 
3.Nf3 g5 4.h4 g4 5.Ng1 d5 6.d4 dxe4 7.Bxf4 Be7 
8.Nc3 Bf5 9.Qe2 Nc6 10.O-O-O Bd6 {So jetzt mache 
ich Pause ... Macht sehr viel Spaß am Stück zu 
ziehen!}  11.Bg5 {Habe ich auch dringend nötig! ;) 
Bis später...}  Be7 {Du gibst aber auch keine 
Ruhe. Du spielst ähnlich wie jemand, der hier vor 
dem Severumzug auch auf d}  12.Bf4 {auf d...? Ich 
sehe das genau umgekehrt. Meine Gegner geben keine 
Ruhe! :)}  Nxd4 13.Rxd4 Qxd4 14.Nb5 {-}  Qa4 15.b3 
Qxa2 16.Nxc7+ Kf8 {grrrhhh}  17.Be5 
Ba3+ 0-1

[Event "ACL-A018"]
[Site "www.playchess.de"]
[Date "2001.01.29"]
[Round "1"]
[White "anthon_der_schreck"]
[Black "maze"]
[WhiteElo "1500"]
[BlackElo "1500"]
[PlyCount "77"]
[Result "1-0"]

1.Nf3 c5 2.e4 d6 3.d3 g6 4.g3 Bg7 5.Bg2 Nc6 6.O-O 
Nf6 7.Nbd2 O-O 8.a4 Rb8 9.Nc4 Ne8 10.Ne3 b6 11.Nd2 
Bb7 12.Nb3 e6 13.Qe2 Nd4 14.Nxd4 cxd4 15.Nd1 Nc7 
16.f4 f5 17.Re1 fxe4 18.dxe4 Rc8 19.c3 Na6 20.Bd2 
Nc5 21.Ra3 Ba6 22.Qg4 Qd7 23.Nf2 Bc4 24.Qd1 a5 
25.Bh3 Rc7 26.Qc2 Ba6 27.cxd4 Bxd4 28.Be3 Bxe3 
29.Raxe3 Qe7 30.Qd1 e5 31.f5 gxf5 32.Bxf5 Qd8 
33.Ng4 Bb7 34.Rf1 Kh8 35.Ref3 Re8 36.Nh6 Ba6 
37.Bxh7 Rxh7 38.Nf7+ Rxf7 39.R3xf7 1-0

[Event "ACL-A018"]
[Site "www.playchess.de"]
[Date "2001.01.29"]
[Round "3"]
[White "maze"]
[Black "Cetilak"]
[WhiteElo "1500"]
[BlackElo "1500"]
[PlyCount "51"]
[Result "1-0"]

1.e4 d6 2.Nf3 Nf6 3.Nc3 g6 4.d4 Bg7 5.Be2 c5 
6.dxc5 Qa5 7.cxd6 Nxe4 8.O-O Nxd6 9.Bd2 Nc6 10.Nb5 
Qd8 11.Bc3 Bxc3 12.Nxc3 O-O 13.Qc1 Qb6 14.Nd5 Qc5 
15.c4 Be6 16.Nc7 Rad8 17.Nxe6 fxe6 18.a3 Nd4 
19.Nxd4 Qe5 20.Rd1 Nf5 21.Nxf5 exf5 22.Re1 Qc7 
23.Bf3 b6 24.Bd5+ Kg7 25.Qc3+ Rf6 
26.Re5 1-0

[Event "ACL-A018"]
[Site "www.playchess.de"]
[Date "2001.01.29"]
[Round "4"]
[White "anthon_der_schreck"]
[Black "chessrookie"]
[WhiteElo "1500"]
[BlackElo "1500"]
[PlyCount "33"]
[Result "1-0"]

1.d4 Nf6 2.Bg5 d5 3.Bxf6 gxf6 4.g3 c5 5.dxc5 e6 
6.Nd2 Bxc5 7.Nb3 Bd6 8.Bg2 Nc6 9.Nf3 a5 10.c3 Ne7 
11.Qc2 Qb6 12.Rd1 e5 13.e4 a4 14.Nbd2 Bc5 15.O-O 
Be6 16.exd5 Bd7 17.Ne4 1-0

[Event "ACL-A018"]
[Site "www.playchess.de"]
[Date "2001.01.29"]
[Round "5"]
[White "chessrookie"]
[Black "maze"]
[WhiteElo "1500"]
[BlackElo "1500"]
[PlyCount "48"]
[Result "0-1"]

1.Nf3 c5 2.e4 d6 3.d4 cxd4 4.Nxd4 Nf6 5.Nc3 a6 
6.Bg5 e6 7.f4 Be7 8.Qf3 Qc7 9.O-O-O Nbd7 10.Bd3 b5 
11.Rhe1 Bb7 12.Qg3 b4 13.Nb1 h6 14.Bxf6 Bxf6 
15.Nf3 O-O 16.Nbd2 Nc5 17.Bc4 Rfc8 18.e5 Be7 
19.Qf2 d5 20.Bf1 b3 21.axb3 a5 22.Nd4 a4 23.Kb1 
Qa5 24.b4 Qxb4 0-1

[Event "ACL-A018"]
[Site "www.playchess.de"]
[Date "2001.01.29"]
[Round "6"]
[White "Cetilak"]
[Black "chessrookie"]
[WhiteElo "1500"]
[BlackElo "1500"]
[PlyCount "45"]
[Result "1-0"]

1.e4 e5 2.f4 exf4 3.Nf3 g5 4.h3 f5 5.exf5 Bg7 6.d4 
d5 7.h4 Bxf5 8.hxg5 Ne7 9.Bxf4 O-O 10.Nc3 Nbc6 
11.Qd2 Ng6 12.Bg3 Re8+ 13.Be2 Nb4 14.Rc1 c5 15.O-O 
Nxc2 16.Rxc2 cxd4 17.Nxd4 Bxd4+ 18.Qxd4 Bxc2 
19.Nxd5 Rxe2 20.Nf6+ Kh8 21.Nd7+ Kg8 22.Qc4+ Kh8 
23.Qc3+ 1-0

[Event "ACL-A018"]
[Site "www.playchess.de"]
[Date "2001.01.29"]
[Round "7"]
[White "Gorodish"]
[Black "anthon_der_schreck"]
[WhiteElo "1500"]
[BlackElo "1500"]
[PlyCount "44"]
[Result "0-1"]

1.d4 Nf6 2.c4 g6 3.Nc3 Bg7 4.e4 d6 5.h3 a5 6.Nf3 
O-O 7.Bd3 e5 8.d5 Na6 9.Be3 Nh5 10.Qd2 f5 11.exf5 
gxf5 12.Bg5 Qe8 13.Bb1 e4 14.Nd4 Qe5 15.Nb3 f4 
16.Bh4 e3 17.Qc2 Bf5 18.Qe2 a4 19.Nxa4 f3 20.gxf3 
Nf4 21.Qf1 e2 22.Qg1 Nb4 0-1

[Event "ACL-A018"]
[Site "www.playchess.de"]
[Date "2001.01.29"]
[Round "8"]
[White "maze"]
[Black "Gorodish"]
[WhiteElo "1500"]
[BlackElo "1500"]
[PlyCount "67"]
[Result "1-0"]

1.e4 e6 2.d4 d5 3.Nc3 Bb4 4.e5 c5 5.a3 Ba5 6.b4 
cxd4 7.Nb5 Bc7 8.f4 a6 9.Nxd4 Nh6 10.Ngf3 Bd7 
11.c4 dxc4 12.Bxc4 Nc6 13.Bb2 Bb6 14.Qb3 Rc8 
15.Rd1 Qe7 16.O-O O-O 17.Kh1 Rfd8 18.Rd2 Nxd4 
19.Bxd4 Bc7 20.Qb1 Nf5 21.Bd3 Bb5 22.Bxb5 axb5 
23.Qe4 Rd5 24.Bc5 Qd7 25.Rfd1 Rd8 26.R2xd5 exd5 
27.Qd3 b6 28.Bf2 h6 29.g4 Ne7 30.Bh4 Kf8 31.Nd4 g5 
32.e6 fxe6 33.fxg5 Qd6 34.Qc2 1-0

[Event "ACL-A018"]
[Site "www.playchess.de"]
[Date "2001.01.29"]
[Round "9"]
[White "Gorodish"]
[Black "Cetilak"]
[WhiteElo "1500"]
[BlackElo "1500"]
[PlyCount "44"]
[Result "1/2-1/2"]

1.d4 Nf6 2.c4 e5 3.dxe5 Ng4 4.Nf3 Bc5 5.e3 Nc6 
6.b3 d6 7.Nc3 Ngxe5 8.Nxe5 Nxe5 9.a3 O-O 10.Na4 
Bf5 11.Bb2 Qf6 12.Qd5 Rfe8 13.Rc1 c6 14.Qd2 Qh4 
15.Nxc5 dxc5 16.Bxe5 Rxe5 17.Be2 Rae8 18.O-O R5e6 
19.Qa5 Rg6 20.Bf3 Bh3 21.Kh1 Bxg2+ 22.Bxg2 
Rxg2 1/2-1/2

[Event "ACL-A018"]
[Site "www.playchess.de"]
[Date "2001.01.29"]
[Round "10"]
[White "chessrookie"]
[Black "Gorodish"]
[WhiteElo "1500"]
[BlackElo "1500"]
[PlyCount "25"]
[Result "1-0"]

1.d4 f5 2.e4 fxe4 3.Nc3 Nf6 4.Bg5 b6 5.f3 Bb7 
6.fxe4 Nxe4 7.Nxe4 Bxe4 8.Bd3 Bxd3 9.Qxd3 g6 
10.Ne2 Bg7 11.O-O Nc6 12.Qc4 Rf8 
13.Rxf8+ 1-0

[Event "HCL-C121"]
[Site "www.playchess.de"]
[Date "2001.01.29"]
[Round "2"]
[White "danan"]
[Black "Alcoholic"]
[WhiteElo "1000"]
[BlackElo "1474"]
[PlyCount "72"]
[Result "0-1"]

1.e4 e5 2.Nf3 Nc6 3.Bb5 a6 4.Bxc6 dxc6 5.h3 Nf6 
6.d3 Bd6 7.O-O O-O 8.b3 b5 9.Bb2 Re8 10.Qd2 h6 
11.Qc3 b4 12.Qxc6 Bd7 13.Qc4 Bb5 14.Qxb5 axb5 
15.Nbd2 c5 16.Nh4 Nd5 17.Ndf3 Nc3 18.Nf5 Nxa2 
19.Ne3 Nc3 20.Rae1 Ra2 21.Bxc3 bxc3 22.Rec1 Qd7 
23.Nd5 b4 24.Nh4 Be7 25.Nf5 Bg5 26.f4 Bxf4 27.Nxf4 
exf4 28.Rxf4 Rea8 29.Rg4 g6 30.Nxh6+ Kh7 31.Rh4 
Qd4+ 32.Kh1 Kg7 33.Rf1 R2a1 34.Rxa1 Rxa1+ 35.Kh2 
Qe5+ 36.g3 Qd4 0-1

[Event "HCL-C121"]
[Site "www.playchess.de"]
[Date "2001.01.29"]
[Round "4"]
[White "Alcoholic"]
[Black "pajala"]
[WhiteElo "1474"]
[BlackElo "1000"]
[PlyCount "29"]
[Result "1-0"]

1.e4 e5 2.Nf3 Nc6 3.Bb5 a6 4.Bxc6 dxc6 5.Nc3 Bd6 
6.d4 exd4 7.Qxd4 f6 8.h4 Be6 9.Be3 c5 10.Qd2 b5 
11.h5 b4 12.Nd5 a5 13.h6 gxh6 14.Bxh6 c4 
15.Bg7 1-0

[Event "HCL-C121"]
[Site "www.playchess.de"]
[Date "2001.01.29"]
[Round "7"]
[White "Impi"]
[Black "Alcoholic"]
[WhiteElo "1000"]
[BlackElo "1474"]
[PlyCount "60"]
[Result "0-1"]

1.e4 e5 2.Nf3 Nc6 3.Bb5 a6 4.Ba4 Nf6 5.O-O b5 
6.Bb3 Bb7 7.Ng5 d5 8.exd5 Nxd5 9.Nxf7 Kxf7 10.Qf3+ 
Ke6 11.Qh3+ Kf6 12.d3 Nd4 13.Qh4+ Ke6 14.Qg4+ Kd6 
15.f4 Nxf4 16.Bxf4 exf4 17.Qxf4+ Kc6 18.Nc3 Bc5 
19.Kh1 Qd6 20.Qe4+ Kb6 21.Nd5+ Bxd5 22.Qxd5 Qxd5 
23.Bxd5 Nxc2 24.Bxa8 Nxa1 25.Be4 Nc2 26.Rf7 Bd4 
27.b3 c5 28.h4 h5 29.Rf5 Nb4 30.Kh2 
Nxa2 0-1

[Event "HCL-C121"]
[Site "www.playchess.de"]
[Date "2001.01.29"]
[Round "9"]
[White "Impi"]
[Black "danan"]
[WhiteElo "1000"]
[BlackElo "1000"]
[PlyCount "37"]
[Result "1-0"]

1.e4 e5 2.Nf3 Nc6 3.Bb5 Nd4 4.Nxd4 exd4 5.d3 a6 
6.Ba4 b5 7.Bb3 g6 8.O-O Bg7 9.Nd2 Ne7 10.f4 Bb7 
11.Nf3 O-O 12.Ng5 Bh6 13.f5 Kg7 14.f6+ Kh8 15.fxe7 
Qxe7 16.Nxf7+ Rxf7 17.Rxf7 Qd6 18.Bxh6 Qb4 
19.Qf3 1-0

[Event "HCL-C121"]
[Site "www.playchess.de"]
[Date "2001.01.29"]
[Round "16"]
[White "janus"]
[Black "Alcoholic"]
[WhiteElo "1000"]
[BlackElo "1474"]
[PlyCount "65"]
[Result "1-0"]

1.e4 e5 2.f4 d5 3.exd5 e4 4.Nc3 Nf6 5.Bb5+ c6 
6.dxc6 bxc6 7.Bc4 Bc5 8.d3 Bf5 9.dxe4 Qxd1+ 
10.Kxd1 Nxe4 11.Nxe4 Bxe4 12.Nf3 Bxf3+ 13.gxf3 O-O 
14.c3 Nd7 15.b4 Nb6 16.Bd3 Be7 17.Kc2 Rad8 18.a3 
Rd6 19.Be3 Rfd8 20.Rad1 Re6 21.Bd4 g6 22.f5 Red6 
23.Be4 Nc4 24.Kb3 Ne5 25.f4 Ng4 26.fxg6 hxg6 
27.Bf3 Nf6 28.Bxa7 R6xd1 29.Rxd1 Rxd1 30.Bxd1 Nd7 
31.Be3 c5 32.a4 cxb4 33.cxb4 1-0

[Event "HCL-C121"]
[Site "www.playchess.de"]
[Date "2001.01.29"]
[Round "18"]
[White "janus"]
[Black "danan"]
[WhiteElo "1000"]
[BlackElo "1000"]
[PlyCount "21"]
[Result "1-0"]

1.e4 e5 2.f4 d6 3.Nf3 Bg4 4.Bc4 Nf6 5.fxe5 dxe5 
6.Bxf7+ Kxf7 7.Nxe5+ Kg8 8.Nxg4 Nxe4 9.Qf3 Qe7 
10.Qb3+ Qf7 11.Qxb7 1-0

[Event "HCL-C121"]
[Site "www.playchess.de"]
[Date "2001.01.29"]
[Round "20"]
[White "janus"]
[Black "Impi"]
[WhiteElo "1000"]
[BlackElo "1000"]
[PlyCount "33"]
[Result "1-0"]

1.e4 c5 2.Nf3 d6 3.d4 cxd4 4.Nxd4 Nf6 5.Nc3 a6 
6.Be3 Nbd7 7.Be2 e6 8.O-O Be7 9.f4 Qc7 10.a4 O-O 
11.a5 Nc5 12.Bf3 Rd8 13.Qd2 Bd7 14.b4 e5 15.Nde2 
Ne6 16.f5 Nf8 17.Bb6 1-0

[Event "ACL-A025"]
[Site "www.playchess.de"]
[Date "2001.01.29"]
[Round "1"]
[White "Utesch"]
[Black "HUNG_SHEN_WEI"]
[WhiteElo "1500"]
[BlackElo "1500"]
[PlyCount "49"]
[Result "1-0"]

1.d4 f5 2.g3 Nf6 3.Bg2 e6 4.c4 Nc6 5.Nf3 b6 6.O-O 
Bb7 7.Nc3 Qb8 8.d5 exd5 9.Nxd5 Nxd5 10.Qxd5 Ne7 
11.Qd4 c5 12.Qc3 f4 13.Bxf4 a5 14.Bxb8 Rxb8 15.Ng5 
Bxg2 16.Kxg2 h6 17.Qe5 hxg5 18.Qxb8+ Kf7 19.f4 Ng6 
20.fxg5+ Kg8 21.Rxf8+ Nxf8 22.g6 Rh6 23.Rf1 Rxg6 
24.Rxf8+ Kh7 25.Rh8+ 1-0

[Event "HCL-A010"]
[Site "www.playchess.de"]
[Date "2001.01.29"]
[Round "2"]
[White "Kleofas"]
[Black "avi_moves"]
[WhiteElo "1700"]
[BlackElo "1900"]
[PlyCount "49"]
[Result "1/2-1/2"]

1.d4 Nf6 2.c4 c5 3.d5 e6 4.dxe6 fxe6 5.Nf3 Be7 
6.e3 O-O 7.Bd3 d5 8.O-O Nc6 9.a3 a6 10.Qc2 Bd6 
11.Nc3 d4 12.Ne4 Nxe4 13.Bxe4 h6 14.b4 d3 15.Bxd3 
cxb4 16.Rd1 Qe7 17.Nd4 bxa3 18.Nxc6 bxc6 19.Qa4 
Bxh2+ 20.Kxh2 Qh4+ 21.Kg1 Qxf2+ 22.Kh1 Qh4+ 23.Kg1 
Qf2+ 24.Kh1 Qh4+ 25.Kg1 1/2-1/2

[Event "HCL-A010"]
[Site "www.playchess.de"]
[Date "2001.01.29"]
[Round "3"]
[White "Vodkalov"]
[Black "Kleofas"]
[WhiteElo "1700"]
[BlackElo "1700"]
[PlyCount "32"]
[Result "0-1"]

1.e4 c5 2.Nc3 Nc6 3.g3 Nf6 4.Bg2 d6 5.d3 e6 6.Be3 
Be7 7.Nf3 O-O 8.O-O a6 9.Qe2 Qc7 10.Rfe1 b5 11.a3 
Bb7 12.Ng5 Nd4 13.Qd2 Ng4 14.Bxd4 cxd4 15.Ne2 e5 
16.Rac1 Qd8 0-1

[Event "HCL-A010"]
[Site "www.playchess.de"]
[Date "2001.01.29"]
[Round "6"]
[White "Kleofas"]
[Black "tyhee"]
[WhiteElo "1700"]
[BlackElo "2201"]
[PlyCount "55"]
[Result "1/2-1/2"]

1.e4 e5 2.Nf3 Nf6 3.Nc3 Bb4 4.d3 d5 5.exd5 Nxd5 
6.Bd2 Nc6 7.Be2 Nxc3 8.bxc3 Be7 9.O-O O-O 10.Re1 
f5 11.Bf1 Bf6 12.Qc1 b6 13.g3 Qd6 14.Bg2 Bd7 15.a4 
Rae8 16.Bg5 Qc5 17.Bxf6 Rxf6 18.Qb2 Rfe6 19.Ng5 
R6e7 20.Qb3+ Kh8 21.d4 Qd6 22.Nf7+ Rxf7 23.Qxf7 e4 
24.Bh3 Rf8 25.Qh5 Ne7 26.Qe2 Nd5 27.Qd2 Qc6 
28.Ra3 1/2-1/2

[Event "HCL-A010"]
[Site "www.playchess.de"]
[Date "2001.01.29"]
[Round "8"]
[White "Vodkalov"]
[Black "rytaylor"]
[WhiteElo "1700"]
[BlackElo "1567"]
[PlyCount "26"]
[Result "0-1"]

1.e4 Nc6 2.d4 d5 3.exd5 Qxd5 4.Nf3 Bf5 5.Nc3 Qa5 
6.Bb5 O-O-O 7.Bxc6 bxc6 8.Ne5 Qb6 9.Nxf7 Rxd4 
10.Bd2 Nf6 11.Nxh8 Rd7 12.O-O e6 13.Qe1 
c5 0-1

[Event "HCL-A010"]
[Site "www.playchess.de"]
[Date "2001.01.29"]
[Round "9"]
[White "rytaylor"]
[Black "Kleofas"]
[WhiteElo "1567"]
[BlackElo "1700"]
[PlyCount "22"]
[Result "0-1"]

1.e4 c5 2.Nc3 Nc6 3.Nf3 d6 4.Bc4 e6 5.O-O Nf6 
6.Re1 Nd7 7.d4 cxd4 8.Nxd4 Be7 9.Bh6 gxh6 10.Nxe6 
Qa5 11.Ng7+ Kf8 0-1

[Event "HCL-A033"]
[Site "www.playchess.de"]
[Date "2001.01.30"]
[Round "29"]
[White "sargon"]
[Black "Brrrr"]
[WhiteElo "1700"]
[BlackElo "1616"]
[PlyCount "48"]
[Result "0-1"]

1.e4 c5 2.Nf3 d6 3.d4 cxd4 4.Nxd4 Nf6 5.Nc3 a6 
6.Be2 e5 7.Nb3 Be7 8.O-O O-O 9.f4 b5 10.a4 b4 
11.Nd5 Bb7 12.Bf3 Bxd5 13.exd5 e4 14.Be2 Qb6+ 
15.Kh1 Qb7 16.Bc4 Rc8 17.Qd4 Bd8 18.Be3 Bb6 
19.Qxb6 Qxb6 20.Bxb6 Rxc4 21.Ba5 Nxd5 22.Rad1 Ne3 
23.Rxd6 Nc6 24.Rc1 Nxa5 0-1

[Event "HCL-A033"]
[Site "www.playchess.de"]
[Date "2001.01.30"]
[Round "30"]
[White "Felix"]
[Black "sargon"]
[WhiteElo "1533"]
[BlackElo "1700"]
[PlyCount "41"]
[Result "1-0"]

1.d4 c5 2.d5 e5 3.e4 d6 4.Be3 Nf6 5.f3 Be7 6.Ne2 
O-O 7.Nec3 Nbd7 8.Nd2 a6 9.a4 b6 10.g4 Ne8 11.Bf2 
Bh4 12.Qe2 Kh8 13.Nc4 Rb8 14.Ne3 g6 15.Ng2 Bxf2+ 
16.Qxf2 h6 17.h4 Kg7 18.Be2 Ra8 19.Ne3 Rh8 20.Kd2 
Nf8 21.f4 1-0

[Event "HCL-A033"]
[Site "www.playchess.de"]
[Date "2001.01.30"]
[Round "36"]
[White "mrchess"]
[Black "sargon"]
[WhiteElo "1585"]
[BlackElo "1700"]
[PlyCount "43"]
[Result "1-0"]

1.d4 d5 2.c4 e6 3.Nc3 Nf6 4.Bg5 Be7 5.Nf3 Nbd7 
6.e3 O-O 7.Qc2 c5 8.Bd3 dxc4 9.Bxc4 Qa5 10.Qa4 
Qxa4 11.Nxa4 cxd4 12.Nxd4 a6 13.Nc3 b5 14.Be2 Bb7 
15.O-O h6 16.Bh4 Nd5 17.Bxe7 Nxe7 18.Bf3 Bxf3 
19.Nxf3 Rfc8 20.Rfd1 Nf6 21.a3 Rc7 
22.Rd2 1-0

[Event "HCL-A038"]
[Site "www.playchess.de"]
[Date "2001.01.30"]
[Round "31"]
[White "DKCozy"]
[Black "Felix"]
[WhiteElo "1772"]
[BlackElo "1518"]
[PlyCount "41"]
[Result "1-0"]

1.f4 d5 2.Nf3 Nf6 3.e3 e6 4.b3 Be7 5.Bb2 Nbd7 
6.Be2 O-O 7.O-O b6 8.Qe1 Bb7 9.d3 c5 10.Nbd2 Qc7 
11.Ne5 Rac8 12.Ndf3 Nxe5 13.Nxe5 d4 14.e4 Ne8 
15.Qg3 Nd6 16.Bh5 f5 17.c3 fxe4 18.cxd4 Nf5 19.Qh3 
Nxd4 20.Bxd4 cxd4 21.Qxe6+ 1-0

[Event "HCL-A040"]
[Site "www.playchess.de"]
[Date "2001.01.30"]
[Round "13"]
[White "TECNOPANCHO"]
[Black "Lu"]
[WhiteElo "1617"]
[BlackElo "1800"]
[PlyCount "46"]
[Result "0-1"]

1.e4 e5 2.f4 exf4 3.Nf3 g5 4.d4 Bg7 5.Bc4 Nc6 
6.O-O d6 7.c3 Qe7 8.Nbd2 Nh6 9.Nb3 Bg4 10.Qc2 
O-O-O 11.Bd5 f5 12.Bxc6 bxc6 13.e5 Bxf3 14.Rxf3 
dxe5 15.dxe5 Qxe5 16.Bd2 Qe4 17.Qc1 Ng4 18.Qf1 Qa4 
19.Rd3 Qb5 20.Rxd8+ Rxd8 21.Qe1 {WELLCOME BACK}  
Qb6+ {Thanks! With little delay I wish you a happy 
New Year, all the best for you, your wife and your 
job!}  22.Kh1 {thank. I wish you the same.}  Nf2+ 
23.Kg1 Nd3+ 0-1

[Event "HCL-A042"]
[Site "www.playchess.de"]
[Date "2001.01.30"]
[Round "7"]
[White "nomad"]
[Black "sazex"]
[WhiteElo "1613"]
[BlackElo "1688"]
[PlyCount "71"]
[Result "0-1"]

1.d4 d5 2.c4 c6 3.Bf4 Nf6 4.e3 e6 5.Nc3 Qb6 6.Qc2 
Bb4 7.c5 Qa5 8.Nf3 Ne4 9.Rc1 Qxa2 10.Bd3 Nd7 
11.O-O Bxc3 12.bxc3 Qxc2 13.Rxc2 b5 14.cxb6 e.p 
15.axb6 Bxe4 16.dxe4 Ng5 17.Nf6 Be5 18.Nd7 Nxe4 
19.Nxe5 Nd6+ 20.Ke7 dxe5 21.Ra5 f4 22.Ba6 Rb1 
23.Rb8 c4 24.f6 c5 25.Bd3 Nc4 26.Rxc5 exf6+ 
27.gxf6 Nxb6 28.Rxc2 Nd5+ 29.exd5 Rxb8 30.Be4 Rb7+ 
31.Kd6 g3 32.Rg2+ Kf1 33.Rxh2 Rf7 34.f5 Ra7 35.h5 
Ra4 36.Rb2 0-1

[Event "HCL-A042"]
[Site "www.playchess.de"]
[Date "2001.01.30"]
[Round "21"]
[White "minkin72"]
[Black "bondegnasker"]
[WhiteElo "1900"]
[BlackElo "1624"]
[PlyCount "51"]
[Result "1-0"]

1.e4 e6 2.d4 d5 3.e5 c5 4.c3 Nc6 5.Nf3 Qb6 6.Be2 
cxd4 7.cxd4 Nh6 8.Bd3 Bd7 9.Bc2 Nb4 10.Bxh6 Nxc2+ 
11.Qxc2 gxh6 12.O-O Bg7 13.Qd2 O-O 14.Nc3 Rac8 
15.Rfe1 Rc4 16.b3 Rc7 17.Rac1 Rfc8 18.Re3 Qa5 
19.Ne1 Kh8 20.Rf3 Be8 21.Qe3 b5 22.Qd2 Bf8 23.Rg3 
R7c6 24.Qf4 Bg7 25.Qg4 a6 {Well played!}  26.Qxg7+ 
{You too :) 24. ... Qd8 was a defence!?} 
 1-0

[Event "HCL-A046"]
[Site "www.playchess.de"]
[Date "2001.01.30"]
[Round "5"]
[White "Gearloose"]
[Black "gambitfanatic"]
[WhiteElo "2016"]
[BlackElo "1422"]
[PlyCount "29"]
[Result "1-0"]

1.e4 d5 2.exd5 Nf6 3.c4 c6 4.d4 cxd5 5.Nc3 e6 
6.Nf3 Bb4 7.cxd5 exd5 8.Bd3 O-O 9.O-O Bg4 10.Be3 
Bxc3 11.bxc3 Ne4 12.Qc2 Bxf3 13.gxf3 Nf6 14.Bg5 
Nbd7 15.Bxh7+ 1-0

[Event "HCL-A048"]
[Site "www.playchess.de"]
[Date "2001.01.30"]
[Round "5"]
[White "teenspirit"]
[Black "nomad"]
[WhiteElo "1767"]
[BlackElo "1675"]
[PlyCount "63"]
[Result "1-0"]

1.d4 d5 2.Nf3 Nf6 3.c4 Bg4 4.Ne5 e6 5.Nxg4 Nxg4 
6.e4 Nf6 7.e5 Ne4 8.Nc3 Bb4 9.Bd2 Qh4 10.g3 Nxc3 
11.bxc3 Qe4+ 12.Qe2 Qxh1 13.cxb4 Nc6 14.Bc3 Qe4 
15.Qxe4 dxe4 16.Bg2 O-O-O 17.O-O-O Rd7 18.b5 Ne7 
19.Bxe4 Rhd8 20.f4 f6 21.exf6 gxf6 22.Re1 Re8 
23.Bf3 Nf5 24.d5 Rf8 25.dxe6 Rd3 26.Bg4 Rxc3+ 
27.Kd2 Rxc4 28.Bxf5 Rd8+ {Nice to be back in a 
game with you!}  29.Ke3 {Happy new year my 
friend!}  Rc3+ {I've been playing a lot of blitz 
in the last month. Do you like blitz?}  30.Kf2 
{Yeah, I play them a lot}  Re8 {US Chess has a 
great site.}  31.e7+ {I'll try it}  Kb8 {My handle 
there is Lavendar.}  32.Rd1 {Ok I'll look for u. 
Seems I fooled u again now in this game... :)} 
 1-0